[Event "SVK-chT2B 2223"]
[Site "Slovakia"]
[Date "2023.03.25"]
[Round "10.8"]
[White "Mikus, Teodor"]
[Black "Gyurenka, Adam"]
[Result "0-1"]
[WhiteElo "1778"]
[BlackElo "1693"]
[PlyCount "84"]
[EventDate "2022.10.08"]
[EventType "team-tourn"]
[EventRounds "11"]
[EventCountry "SVK"]
[SourceTitle "EXT 2024"]
[Source "ChessBase"]
[SourceDate "2023.10.10"]
[SourceVersion "1"]
[SourceVersionDate "2023.10.10"]
[SourceQuality "1"]
[WhiteTeam "Prievidza"]
[BlackTeam "Komarno II"]
[WhiteTeamCountry "SVK"]
[BlackTeamCountry "SVK"]

1. e4 c5 2. c3 Nc6 3. d4 cxd4 4. cxd4 e6 5. Nf3 Nf6 6. Nc3 d5 7. e5 Ne4 8. Bd3 Bb4 9. Bd2 f5 10. a3 Nxd2 11. Qxd2 Qa5 12. 0-0 Bxc3 13. bxc3 Bd7 14. Rfc1 0-0 15. Qe2 Rfc8 16. c4 Ne7 17. c5 Rc7 18. Rcb1 Rac8 19. h3 Ng6 20. g3 b6 21. cxb6 axb6 22. Bb5 Nf8 23. Bxd7 Nxd7 24. Ng5 Nf8 25. Nf3 Rc3 26. Qb2 Rxf3 27. Kg2 Rfc3 28. Qxb6 Qxb6 29. Rxb6 Ra8 30. a4 Ra5 31. Rd6 Rc4 32. Rb1 Ra8 33. a5 Ra4 34. Rb7 R4xa5 35. Rc6 Ra2 36. Rcc7 g6 37. h4 R2a4 38. h5 gxh5 39. Rg7+ Kh8 40. Rg5 Rxd4 41. Rbg7 Ng6 42. Rb7 Rg4 0-1

[Event "SVK-chT2B 2223"]
[Site "Slovakia"]
[Date "2023.02.11"]
[Round "8.8"]
[White "Mikus, Teodor"]
[Black "Vronka, Jan"]
[Result "1/2-1/2"]
[WhiteElo "1778"]
[BlackElo "1736"]
[PlyCount "135"]
[EventDate "2022.10.08"]
[EventType "team-tourn"]
[EventRounds "11"]
[EventCountry "SVK"]
[SourceTitle "EXT 2024"]
[Source "ChessBase"]
[SourceDate "2023.10.10"]
[SourceVersion "1"]
[SourceVersionDate "2023.10.10"]
[SourceQuality "1"]
[WhiteTeam "Prievidza"]
[BlackTeam "Dubnica nad Vahom III"]
[WhiteTeamCountry "SVK"]
[BlackTeamCountry "SVK"]

1. e4 c5 2. Nf3 Nc6 3. d4 cxd4 4. Nxd4 Nf6 5. Nc3 g6 6. Nxc6 bxc6 7. Bd3 Bg7 8. 0-0 0-0 9. Ne2 d5 10. exd5 cxd5 11. c3 Qb6 12. Qb3 Rb8 13. Qxb6 Rxb6 14. Nd4 Ba6 15. Bxa6 Rxa6 16. f3 Rb8 17. Re1 e6 18. Nc2 Rc6 19. Nb4 Rc4 20. Nd3 Nd7 21. Re2 a5 22. Bd2 d4 23. cxd4 Bxd4+ 24. Be3 Bxe3+ 25. Rxe3 Nc5 26. Nxc5 Rxc5 27. b3 Rc2 28. Kf1 Rd8 29. Re2 Rdd2 30. Rxd2 Rxd2 31. Kg1 Kf8 32. h3 Ke7 33. Kh2 Kd6 34. Kg3 Kd5 35. a3 Rb2 36. b4 axb4 37. axb4 Ke5 38. Ra5+ Kf6 39. Rb5 g5 40. Rb8 h5 41. b5 h4+ 42. Kh2 Ke5 43. b6 f6 44. Kg1 Kf4 45. Kh2 f5 46. Rb7 e5 47. Rb8 Ke3 48. Kg1 Rb1+ 49. Kh2 e4 50. fxe4 fxe4 51. Rb7 Ke2 52. g3 e3 53. gxh4 gxh4 54. Kg2 Ke1 55. Re7 Rb2+ 56. Kf3 Rf2+ 57. Kg4 e2 58. Kxh4 Kf1 59. Kg5 Rg2+ 60. Kf5 e1Q 61. Rxe1+ Kxe1 62. h4 Rb2 63. h5 Rxb6 64. Kg5 Kf2 65. h6 Kg3 66. h7 Rb8 67. Kg6 Kg4 68. Kg7 1/2-1/2

[Event "SVK-chT3B2 2223"]
[Site "Slovakia"]
[Date "2022.11.06"]
[Round "2.3"]
[White "Mikus, Teodor"]
[Black "Csollar, Tibor"]
[Result "0-1"]
[WhiteElo "1784"]
[BlackElo "1732"]
[PlyCount "82"]
[EventDate "2022.10.23"]
[EventType "team-tourn"]
[EventRounds "11"]
[EventCountry "SVK"]
[SourceTitle "EXT 2024"]
[Source "ChessBase"]
[SourceDate "2023.10.10"]
[SourceVersion "1"]
[SourceVersionDate "2023.10.10"]
[SourceQuality "1"]
[WhiteTeam "Lehota pod Vtacnikom"]
[BlackTeam "Chynorany"]
[WhiteTeamCountry "SVK"]
[BlackTeamCountry "SVK"]

1. e4 c5 2. Nf3 g6 3. Bc4 Nc6 4. c3 Bg7 5. d4 cxd4 6. cxd4 Nf6 7. e5 Ne4 8. Qe2 d5 9. Bd3 Qa5+ 10. Nbd2 Nxd2 11. Bxd2 Qb6 12. Bc3 Bg4 13. Bb5 0-0 14. Bxc6 bxc6 15. b4 Bc8 16. a4 Ba6 17. Qc2 Rab8 18. Bd2 Bc4 19. Bc3 Bh6 20. Nd2 Qa6 21. Nxc4 Qxc4 22. Rd1 Rxb4 23. Qd3 Rxa4 24. 0-0 Qxd3 25. Rxd3 Rb8 26. Bd2 Bxd2 27. Rxd2 Rbb4 28. Rfd1 a5 29. g3 Rc4 30. f4 Rab4 31. Kf2 a4 32. Ke3 a3 33. Rd3 a2 34. Ra1 Rb2 35. Ra3 Rcc2 36. h3 h5 37. g4 Rh2 38. Ra8+ Kg7 39. f5 Rxh3+ 40. Kf4 Rf2+ 41. Kg5 f6+ 0-1

[Event "SVK-chT2B 2122"]
[Site "Slovakia"]
[Date "2022.04.30"]
[Round "10.6"]
[White "Korbela, Lubomir"]
[Black "Mikus, Teodor"]
[Result "1-0"]
[WhiteElo "1968"]
[BlackElo "1796"]
[PlyCount "84"]
[EventDate "2021.10.16"]
[EventType "team-tourn"]
[EventRounds "11"]
[EventCountry "SVK"]
[SourceTitle "EXT 2023"]
[Source "ChessBase"]
[SourceDate "2022.10.05"]
[SourceVersion "1"]
[SourceVersionDate "2022.10.05"]
[SourceQuality "1"]
[WhiteTeam "Levice"]
[BlackTeam "Prievidza"]
[WhiteTeamCountry "SVK"]
[BlackTeamCountry "SVK"]

1. e4 c5 2. Nf3 d6 3. d4 cxd4 4. Nxd4 g6 5. Nc3 Bg7 6. Be3 Nc6 7. Bc4 Nf6 8. f3 Bd7 9. Qd2 a6 10. Bb3 Na5 11. 0-0-0 Nxb3+ 12. cxb3 Qa5 13. Kb1 h5 14. a3 Rb8 15. b4 Qd8 16. Bg5 Be6 17. Rhe1 Qc7 18. Rc1 Qd7 19. Rcd1 Rc8 20. Nxe6 Qxe6 21. h3 0-0 22. Bh6 Kh7 23. Bxg7 Kxg7 24. g4 hxg4 25. hxg4 Rh8 26. Nd5 Rh3 27. Qd4 Qe5 28. Qxe5 dxe5 29. Rf1 Nxd5 30. Rxd5 Kf6 31. b5 axb5 32. Rxb5 Rc7 33. a4 Rd7 34. Rb3 Kg5 35. Rc1 Kf4 36. Rcc3 e6 37. a5 f5 38. exf5 exf5 39. gxf5 gxf5 40. Rb4+ Kg5 41. f4+ Kg4 42. fxe5+ f4 1-0

[Event "SVK-chT2B 2122"]
[Site "Slovakia"]
[Date "2022.03.27"]
[Round "9.8"]
[White "Svorad, Tomas"]
[Black "Mikus, Teodor"]
[Result "0-1"]
[WhiteElo "1367"]
[BlackElo "1796"]
[PlyCount "72"]
[EventDate "2021.10.16"]
[EventType "team-tourn"]
[EventRounds "11"]
[EventCountry "SVK"]
[SourceTitle "EXT 2023"]
[Source "ChessBase"]
[SourceDate "2022.10.05"]
[SourceVersion "1"]
[SourceVersionDate "2022.10.05"]
[SourceQuality "1"]
[WhiteTeam "Tlmace"]
[BlackTeam "Prievidza"]
[WhiteTeamCountry "SVK"]
[BlackTeamCountry "SVK"]

1. e4 c5 2. Nf3 Nc6 3. d4 cxd4 4. Nxd4 d6 5. Nc3 Bd7 6. Nb3 g6 7. Be3 Bg7 8. Qd2 a6 9. Be2 Nf6 10. 0-0 Rc8 11. f4 Bg4 12. Rad1 Bxe2 13. Qxe2 Qc7 14. Nd5 Nxd5 15. exd5 Nb8 16. Bd4 0-0 17. Bxg7 Kxg7 18. Nd4 Rfe8 19. a3 Nd7 20. Rc1 Kg8 21. c4 Qb6 22. Qd2 Nf6 23. b4 e6 24. dxe6 fxe6 25. Kh1 Qd8 26. f5 exf5 27. c5 Ne4 28. Qa2+ d5 29. c6 bxc6 30. Nxc6 Qd6 31. Nd4 Nf6 32. b5 axb5 33. Nxb5 Rxc1 34. Rxc1 Qf4 35. Rd1 Kg7 36. a4 Ng4 0-1

[Event "SVK-chT2B 2122"]
[Site "Slovakia"]
[Date "2022.03.26"]
[Round "8.8"]
[White "Mikus, Teodor"]
[Black "Varga, Lukas"]
[Result "1-0"]
[WhiteElo "1796"]
[BlackElo "1657"]
[PlyCount "75"]
[EventDate "2021.10.16"]
[EventType "team-tourn"]
[EventRounds "11"]
[EventCountry "SVK"]
[SourceTitle "EXT 2023"]
[Source "ChessBase"]
[SourceDate "2022.10.05"]
[SourceVersion "1"]
[SourceVersionDate "2022.10.05"]
[SourceQuality "1"]
[WhiteTeam "Prievidza"]
[BlackTeam "Topolcany II"]
[WhiteTeamCountry "SVK"]
[BlackTeamCountry "SVK"]

1. e4 e5 2. Bc4 Nf6 3. Nc3 Bb4 4. d3 d5 5. exd5 Nxd5 6. Bd2 Nxc3 7. bxc3 Bd6 8. Ne2 c6 9. Ng3 g6 10. Qf3 f5 11. Ne4 Be7 12. Ng3 Nd7 13. a4 Nb6 14. Bb3 Qd6 15. c4 Bf6 16. Rd1 Bd7 17. a5 Nc8 18. 0-0 Ne7 19. Ne2 0-0-0 20. Nc3 h5 21. Na4 f4 22. Qe2 Bg4 23. f3 Bf5 24. c5 Qc7 25. Rb1 a6 26. Bc4 Nd5 27. Rb3 Kd7 28. Rfb1 Rb8 29. Kh1 g5 30. Qf2 g4 31. Re1 h4 32. Bxd5 cxd5 33. Nb6+ Ke6 34. Bxf4 g3 35. Qd4 Be4 36. dxe4 exd4 37. Bxc7 Rbe8 38. Nxd5 1-0

[Event "SVK-chT3B2 2122"]
[Site "Slovakia"]
[Date "2021.11.21"]
[Round "3.3"]
[White "Mikus, Teodor"]
[Black "Zernovic, Michal"]
[Result "1/2-1/2"]
[WhiteElo "1808"]
[BlackElo "1860"]
[PlyCount "46"]
[EventDate "2021.10.24"]
[EventType "team-tourn"]
[EventRounds "11"]
[EventCountry "SVK"]
[SourceTitle "EXT 2023"]
[Source "ChessBase"]
[SourceDate "2022.10.05"]
[SourceVersion "1"]
[SourceVersionDate "2022.10.05"]
[SourceQuality "1"]
[WhiteTeam "Lehota pod Vtacnikom"]
[BlackTeam "Povazske Podhradie II"]
[WhiteTeamCountry "SVK"]
[BlackTeamCountry "SVK"]

1. e4 e5 2. Nf3 Nf6 3. Nc3 Nc6 4. Bc4 Bc5 5. d3 d6 6. h3 Be6 7. Nd5 h6 8. c3 0-0 9. Nxf6+ Qxf6 10. Bxe6 fxe6 11. Be3 Bxe3 12. fxe3 Qg6 13. Qe2 Rf6 14. 0-0-0 Raf8 15. Rhf1 Qg3 16. Qf2 Qxf2 17. Rxf2 g5 18. Rff1 h5 19. Kd2 Kg7 20. Ke2 Kh6 21. Nh2 Ne7 22. Rxf6+ Rxf6 23. Nf3 Kg6 1/2-1/2

[Event "SVK-chT2B 2122"]
[Site "Slovakia"]
[Date "2021.10.16"]
[Round "1.6"]
[White "Mikus, Teodor"]
[Black "Cervenka, Peter"]
[Result "0-1"]
[WhiteElo "1820"]
[BlackElo "1791"]
[PlyCount "132"]
[EventDate "2021.10.16"]
[EventType "team-tourn"]
[EventRounds "11"]
[EventCountry "SVK"]
[SourceTitle "EXT 2023"]
[Source "ChessBase"]
[SourceDate "2022.10.05"]
[SourceVersion "1"]
[SourceVersionDate "2022.10.05"]
[SourceQuality "1"]
[WhiteTeam "Prievidza"]
[BlackTeam "Surany"]
[WhiteTeamCountry "SVK"]
[BlackTeamCountry "SVK"]

1. d4 Nf6 2. c4 g6 3. Nc3 Bg7 4. e4 d6 5. Bd3 0-0 6. Nf3 Nc6 7. h3 e5 8. d5 Ne7 9. 0-0 a5 10. Be3 Nd7 11. a3 b6 12. b4 Bb7 13. Qd2 f6 14. Rac1 Re8 15. Nh2 f5 16. exf5 Nxf5 17. Ne4 Nxe3 18. Qxe3 Qe7 19. Ng4 Nf6 20. Nexf6+ Bxf6 21. Be4 Bg5 22. Qg3 Bxc1 23. Rxc1 Qg5 24. Qc3 axb4 25. axb4 Bc8 26. f3 Bxg4 27. hxg4 Ra2 28. Bb1 Ra1 29. c5 Rea8 30. cxd6 cxd6 31. Rf1 R1a3 32. Qc6 Qe3+ 33. Kh1 Qe2 34. Rg1 Qd2 35. Rf1 Qxb4 36. Qd7 R3a7 37. Qe6+ Kg7 38. Be4 Qb5 39. Rb1 Qc5 40. g5 Rf7 41. Qh3 Kg8 42. Qh6 Rg7 43. Qh3 b5 44. Rf1 Qc8 45. Qg3 Ra3 46. Qe1 Qc3 47. Qb1 Qb3 48. Qc1 Qc3 49. Qb1 Rb3 50. Qa2 Rf7 51. Qa6 Qc5 52. Rd1 b4 53. Qa4 Ra3 54. Qe8+ Kg7 55. Rb1 Qb6 56. Rc1 Rc3 57. Ra1 Ra7 58. Rf1 Qc7 59. f4 Rc1 60. Bd3 Rxf1+ 61. Bxf1 exf4 62. Qe6 Qe7 63. Qg4 Qe5 64. Qh4 Qe3 65. Qh6+ Kg8 66. Qh4 Ra1 0-1

[Event "SVK-chT3B2 1920"]
[Site "Slovakia"]
[Date "2019.10.20"]
[Round "2.2"]
[White "Orgon, Dusan"]
[Black "Mikus, Teodor"]
[Result "1/2-1/2"]
[WhiteElo "1989"]
[BlackElo "1820"]
[PlyCount "79"]
[EventDate "2019.10.06"]
[EventType "team-tourn"]
[EventRounds "11"]
[EventCountry "SVK"]
[SourceTitle "CBM 193 Extra"]
[Source "ChessBase"]
[SourceDate "2020.01.31"]
[SourceVersion "1"]
[SourceVersionDate "2020.01.31"]
[SourceQuality "1"]
[WhiteTeam "Dubnica nad Vahom III"]
[BlackTeam "Bojnice"]
[WhiteTeamCountry "SVK"]
[BlackTeamCountry "SVK"]

1. d4 e6 2. e4 d5 3. Bd3 dxe4 4. Bxe4 Bd6 5. Ne2 c6 6. 0-0 Bxh2+ 7. Kxh2 Qh4+ 8. Kg1 Qxe4 9. Bf4 Qf5 10. Nbc3 g5 11. Bd6 h5 12. Ng3 Qg6 13. Nge4 g4 14. Qd2 Nd7 15. Qf4 Qf5 16. Qe3 Ngf6 17. Ba3 Nxe4 18. Nxe4 Kd8 19. Nd6 Qf6 20. Rae1 h4 21. Qg5 Kc7 22. Qxg4 b6 23. Re3 Ba6 24. Rd1 Rag8 25. Qh3 Qg6 26. Rd2 Rh5 27. f4 Nf6 28. f5 exf5 29. Re7+ Kb8 30. Nxf7 Ne4 31. Qh2+ Qg3 32. Bd6+ Nxd6 33. Nxd6 Qxh2+ 34. Kxh2 Rhg5 35. Rh7 Bf1 36. Rxh4 Rxg2+ 37. Rxg2 Rxg2+ 38. Kh1 Rxc2 39. Kg1 Bd3 40. Rh2 1/2-1/2

[Event "SVK-chT2B 1819"]
[Site "Slovakia"]
[Date "2018.11.18"]
[Round "4.8"]
[White "Miciak, Emanuel"]
[Black "Mikus, Teodor"]
[Result "1-0"]
[WhiteElo "1859"]
[BlackElo "1850"]
[PlyCount "44"]
[EventDate "2018.10.13"]
[EventType "team-tourn"]
[EventRounds "11"]
[EventCountry "SVK"]
[SourceTitle "CBM 187 Extra"]
[Source "ChessBase"]
[SourceDate "2018.11.04"]
[SourceVersion "1"]
[SourceVersionDate "2018.11.04"]
[SourceQuality "1"]
[WhiteTeam "Nemsova Horne Srnie"]
[BlackTeam "Prievidza"]
[WhiteTeamCountry "SVK"]
[BlackTeamCountry "SVK"]

1. d4 Nf6 2. c4 e6 3. Nf3 d5 4. Bg5 Be7 5. Nc3 h6 6. Bh4 0-0 7. e3 Nc6 8. a3 a6 9. Rc1 Nh7 10. Bxe7 Nxe7 11. Bd3 dxc4 12. Bxc4 Nd5 13. Bd3 Re8 14. 0-0 Nf8 15. Qc2 c6 16. Rfd1 Nxc3 17. Qxc3 Qf6 18. Bb1 Nd7 19. b4 e5 20. dxe5 Nxe5 21. Nxe5 Bf5 22. Nf3 Qg6 1-0

[Event "SVK-chT3B2 1718"]
[Site "Slovakia"]
[Date "2018.03.04"]
[Round "10.4"]
[White "Masar, Jan"]
[Black "Mikus, Teodor"]
[Result "1-0"]
[WhiteElo "1753"]
[BlackElo "1890"]
[PlyCount "77"]
[EventDate "2017.10.08"]
[EventType "team-tourn"]
[EventRounds "11"]
[EventCountry "SVK"]
[SourceTitle "EXT 2020"]
[Source "ChessBase"]
[SourceDate "2019.10.17"]
[SourceVersion "1"]
[SourceVersionDate "2019.10.17"]
[SourceQuality "1"]
[WhiteTeam "Handlova"]
[BlackTeam "Prievidza II"]
[WhiteTeamCountry "SVK"]
[BlackTeamCountry "SVK"]

1. e4 c5 2. Nf3 Nc6 3. d4 cxd4 4. Nxd4 d6 5. Nc3 g6 6. Bb5 Bd7 7. 0-0 Bg7 8. Be3 Nf6 9. Qd2 a6 10. Nxc6 bxc6 11. Ba4 Ng4 12. Bd4 0-0 13. Bxg7 Kxg7 14. Qd4+ Kg8 15. h3 Nf6 16. e5 c5 17. Qe3 Nh5 18. Rad1 Bxa4 19. Nxa4 Qc7 20. exd6 exd6 21. Qf3 Ng7 22. Rd2 Rad8 23. Rfd1 Rfe8 24. Qf4 Re6 25. Rd5 Qe7 26. Nxc5 Re1+ 27. Rxe1 Qxe1+ 28. Kh2 Nh5 29. Rxh5 dxc5 30. Rxc5 Re8 31. Rc7 Qe6 32. c4 h6 33. b4 Rd8 34. Rc5 Kh7 35. Qe5 Qb6 36. Qe7 Kg8 37. a4 Qb8+ 38. Qc7 Qa8 39. Rc6 1-0

[Event "SVK-chT3B2 1718"]
[Site "Slovakia"]
[Date "2017.11.19"]
[Round "4.4"]
[White "Mikus, Teodor"]
[Black "Sopko, Rudolf"]
[Result "1-0"]
[WhiteElo "1890"]
[BlackElo "1772"]
[PlyCount "79"]
[EventDate "2017.10.08"]
[EventType "team-tourn"]
[EventRounds "11"]
[EventCountry "SVK"]
[SourceTitle "EXT 2019"]
[Source "ChessBase"]
[SourceDate "2018.10.10"]
[SourceVersion "1"]
[SourceVersionDate "2018.10.10"]
[SourceQuality "1"]
[WhiteTeam "Prievidza II"]
[BlackTeam "Trencin II"]
[WhiteTeamCountry "SVK"]
[BlackTeamCountry "SVK"]

1. e4 e5 2. Nf3 Nf6 3. Nc3 Nc6 4. Bb5 d6 5. d4 exd4 6. Nxd4 Bd7 7. Nxc6 Bxc6 8. Bxc6+ bxc6 9. Qf3 Qd7 10. Qg3 Qe6 11. 0-0 Be7 12. Re1 0-0 13. Bg5 h6 14. Bd2 Qg4 15. Qd3 Qd7 16. Ne2 d5 17. e5 Ne4 18. Ng3 Nxd2 19. Qxd2 Qg4 20. Rad1 Rab8 21. c3 Bc5 22. Kh1 a5 23. h3 Qg6 24. b3 h5 25. Qe2 h4 26. Nh5 Qf5 27. f4 Rfe8 28. Qf3 Re6 29. Qg4 Qxg4 30. hxg4 Rbe8 31. Re2 f6 32. Rde1 fxe5 33. Rxe5 Rxe5 34. Rxe5 Rxe5 35. fxe5 d4 36. cxd4 Bxd4 37. e6 Bc5 38. g5 Be3 39. g6 Bg5 40. Kg1 1-0

[Event "SVK-chT3B2 1718"]
[Site "Slovakia"]
[Date "2017.10.08"]
[Round "1.3"]
[White "Mikus, Teodor"]
[Black "Sliva, Frantisek"]
[Result "1/2-1/2"]
[WhiteElo "1890"]
[BlackElo "1770"]
[PlyCount "56"]
[EventDate "2017.10.08"]
[EventType "team-tourn"]
[EventRounds "11"]
[EventCountry "SVK"]
[SourceTitle "EXT 2019"]
[Source "ChessBase"]
[SourceDate "2018.10.10"]
[SourceVersion "1"]
[SourceVersionDate "2018.10.10"]
[SourceQuality "1"]
[WhiteTeam "Prievidza II"]
[BlackTeam "Dubnica nad Vahom III"]
[WhiteTeamCountry "SVK"]
[BlackTeamCountry "SVK"]

1. e4 b6 2. d4 Bb7 3. Bd3 e6 4. Nf3 Nf6 5. e5 Ne4 6. Qe2 d5 7. 0-0 c5 8. c3 Nc6 9. Bxe4 dxe4 10. Qxe4 cxd4 11. cxd4 Qc7 12. Nc3 Nb4 13. Qb1 Ba6 14. Rd1 Bb7 15. a3 Nd5 16. Qd3 a6 17. Ne4 h6 18. Bd2 Be7 19. Ng3 Qd8 20. Ne1 Bg5 21. Ne4 Be7 22. f4 f5 23. Nc3 g5 24. Ne2 Rg8 25. Rac1 gxf4 26. Nxf4 Nxf4 27. Bxf4 Qd5 28. Rd2 Rg4 1/2-1/2

[Event "SVK-chT2B 1617"]
[Site "Slovakia"]
[Date "2017.03.12"]
[Round "11.5"]
[White "Gyopos, Istvan"]
[Black "Mikus, Teodor"]
[Result "1/2-1/2"]
[WhiteElo "1961"]
[BlackElo "1861"]
[PlyCount "72"]
[EventDate "2016.10.08"]
[EventType "team-tourn"]
[EventRounds "11"]
[EventCountry "SVK"]
[SourceTitle "EXT 2018"]
[Source "ChessBase"]
[SourceDate "2017.10.13"]
[SourceVersion "1"]
[SourceVersionDate "2017.10.13"]
[SourceQuality "1"]
[WhiteTeam "Batorove Kosihy"]
[BlackTeam "Prievidza II"]
[WhiteTeamCountry "SVK"]
[BlackTeamCountry "SVK"]

1. e4 c5 2. Nc3 Nc6 3. g3 e5 4. Bg2 d6 5. d3 Nf6 6. Nge2 Bg4 7. f4 Be7 8. Be3 a6 9. h3 Bd7 10. 0-0 Nd4 11. g4 Bc6 12. Ng3 Nd7 13. Qd2 0-0 14. Nd5 f6 15. Nxe7+ Qxe7 16. c3 Nb5 17. Nf5 Qe6 18. Bf3 exf4 19. Bxf4 Ne5 20. Bd1 Qd7 21. Bb3+ Kh8 22. g5 g6 23. Nh6 Qxh3 24. Bxe5 dxe5 25. Nf7+ Rxf7 26. Bxf7 f5 27. Qh2 Qxh2+ 28. Kxh2 f4 29. Kg2 Kg7 30. Bb3 Rd8 31. Rad1 h6 32. gxh6+ Kxh6 33. Rh1+ Kg5 34. Kf3 Kf6 35. Rh7 Nd6 36. Bc2 Nf7 1/2-1/2

[Event "SVK-chT2B 1617"]
[Site "Slovakia"]
[Date "2017.01.21"]
[Round "7.5"]
[White "Mikus, Teodor"]
[Black "Bielik, Peter"]
[Result "1-0"]
[WhiteElo "1861"]
[BlackElo "1840"]
[PlyCount "59"]
[EventDate "2016.10.08"]
[EventType "team-tourn"]
[EventRounds "11"]
[EventCountry "SVK"]
[SourceTitle "EXT 2018"]
[Source "ChessBase"]
[SourceDate "2017.10.13"]
[SourceVersion "1"]
[SourceVersionDate "2017.10.13"]
[SourceQuality "1"]
[WhiteTeam "Prievidza II"]
[BlackTeam "Povazske Podhradie"]
[WhiteTeamCountry "SVK"]
[BlackTeamCountry "SVK"]

1. e4 e6 2. d4 d5 3. e5 c5 4. c3 Nc6 5. Nf3 Qb6 6. Be2 cxd4 7. cxd4 Nge7 8. Na3 Nf5 9. Nc2 h5 10. a3 Be7 11. 0-0 Bd7 12. Rb1 Rc8 13. Be3 Na5 14. Nd2 Bb5 15. Bxb5+ Qxb5 16. Ne1 Kd7 17. Nef3 g6 18. Bg5 Bxg5 19. Nxg5 Nxd4 20. Nxf7 Rhf8 21. Nd6 Qe2 22. Nxc8 Qxe5 23. Nxa7 Rf4 24. b4 Ne2+ 25. Kh1 Nc3 26. Qe1 Ne2 27. bxa5 Ra4 28. Nf3 Qe4 29. Rb2 Rxa3 30. Qxe2 1-0

[Event "SVK-chT2B 1617"]
[Site "Slovakia"]
[Date "2016.11.05"]
[Round "3.6"]
[White "Chrenko, Kristian"]
[Black "Mikus, Teodor"]
[Result "1-0"]
[WhiteElo "1986"]
[BlackElo "1861"]
[PlyCount "119"]
[EventDate "2016.10.08"]
[EventType "team-tourn"]
[EventRounds "11"]
[EventCountry "SVK"]
[SourceTitle "CBM 175 Extra"]
[Source "ChessBase"]
[SourceDate "2016.12.12"]
[SourceVersion "1"]
[SourceVersionDate "2016.12.12"]
[SourceQuality "1"]
[WhiteTeam "Tlmace"]
[BlackTeam "Prievidza II"]
[WhiteTeamCountry "SVK"]
[BlackTeamCountry "SVK"]

1. e4 c5 2. Nf3 Nc6 3. d4 cxd4 4. Nxd4 d6 5. c4 Nf6 6. Nc3 g6 7. Be2 Bg7 8. 0-0 0-0 9. Be3 Bd7 10. Qd2 Ng4 11. Bxg4 Bxg4 12. f3 Bd7 13. Rfd1 Ne5 14. b3 Bc6 15. Nxc6 Nxc6 16. Rac1 Ne5 17. Nd5 b6 18. h3 Nd7 19. Bg5 f6 20. Be3 Rf7 21. Nf4 Qc8 22. Ne6 Nc5 23. Nxg7 Kxg7 24. Qd5 Qb7 25. Bh6+ Kg8 26. Qxb7 Nxb7 27. f4 Rc8 28. Rc3 Rc5 29. Rd5 e6 30. Rxc5 Nxc5 31. Re3 Re7 32. Kf2 Kf7 33. Kf3 e5 34. fxe5 dxe5 35. Re2 Rd7 36. Be3 Rd3 37. Rd2 Ke6 38. Rxd3 Nxd3 39. g4 g5 40. Bf2 Kd6 41. a3 Kc6 42. Be3 Ne1+ 43. Kf2 Nc2 44. Ke2 Na1 45. b4 Nc2 46. Kd2 Nxa3 47. b5+ Nxb5 48. cxb5+ Kxb5 49. Kc3 a5 50. Bd2 Kc5 51. Bc1 b5 52. Be3+ Kc6 53. Kb3 Kd6 54. Bb6 a4+ 55. Kb4 Kc6 56. Bd8 a3 57. Bxf6 a2 58. Bxe5 Kb6 59. Bd4+ Kc6 60. Kb3 1-0

[Event "SVK-chT1W 1617"]
[Site "Slovakia"]
[Date "2016.10.15"]
[Round "1.8"]
[White "Mikus, Teodor"]
[Black "Koloditsova, Renata"]
[Result "0-1"]
[WhiteElo "1856"]
[BlackElo "1943"]
[PlyCount "90"]
[EventDate "2016.10.15"]
[EventType "team-tourn"]
[EventRounds "11"]
[EventCountry "SVK"]
[SourceTitle "CBM 175 Extra"]
[Source "ChessBase"]
[SourceDate "2016.12.12"]
[SourceVersion "1"]
[SourceVersionDate "2016.12.12"]
[SourceQuality "1"]
[WhiteTeam "Prievidza"]
[BlackTeam "Gabcikovo Russel"]
[WhiteTeamCountry "SVK"]
[BlackTeamCountry "SVK"]

1. e4 e6 2. d4 d5 3. e5 c5 4. c3 Nc6 5. Nf3 Qb6 6. Be2 Bd7 7. 0-0 Nge7 8. dxc5 Qc7 9. Bd3 Nxe5 10. Nxe5 Qxe5 11. Re1 Qc7 12. b4 Ng6 13. Qh5 Be7 14. Bxg6 fxg6 15. Qf3 Rf8 16. Qe2 Bf6 17. a4 Kf7 18. Bb2 Rae8 19. Nd2 Kg8 20. Qd3 Rf7 21. Nf3 e5 22. Qxd5 Bc6 23. Qd1 Bxf3 24. Qxf3 Bh4 25. Qe2 Bxf2+ 26. Qxf2 Rxf2 27. Kxf2 e4 28. g3 Qf7+ 29. Kg1 e3 30. Re2 Qc4 31. Rae1 Qd3 32. a5 a6 33. Kg2 h6 34. Kf1 g5 35. Kg2 g4 36. Kf1 g5 37. Kg1 h5 38. c4 h4 39. gxh4 gxh4 40. Bc1 Qxc4 41. Bxe3 h3 42. Kf2 Qf7+ 43. Kg1 g3 44. hxg3 Qf3 45. Kh2 Rxe3 0-1

[Event "SVK-chT1W 1516"]
[Site "Slovakia"]
[Date "2016.03.20"]
[Round "11.7"]
[White "Mikus, Teodor"]
[Black "Spacek, Oliver"]
[Result "0-1"]
[WhiteElo "1900"]
[BlackElo "2104"]
[PlyCount "36"]
[EventDate "2015.10.24"]
[EventType "team-tourn"]
[EventRounds "11"]
[EventCountry "SVK"]
[SourceTitle "EXT 2017"]
[Source "ChessBase"]
[SourceDate "2016.10.25"]
[SourceVersion "1"]
[SourceVersionDate "2016.10.25"]
[SourceQuality "1"]
[WhiteTeam "Prievidza"]
[BlackTeam "Osuske"]
[WhiteTeamCountry "SVK"]
[BlackTeamCountry "SVK"]

1. e4 c5 2. Nf3 e6 3. c3 Nf6 4. e5 Nd5 5. d4 cxd4 6. cxd4 d6 7. Nc3 dxe5 8. Nxe5 Bb4 9. Bb5+ Bd7 10. Bxd7+ Nxd7 11. Nxd7 Nxc3 12. Qg4 Nd5+ 13. Kf1 Qxd7 14. h3 0-0-0 15. Kg1 Kb8 16. Kh2 Bd6+ 17. g3 h5 18. Qh4 f6 0-1

[Event "SVK-chT3B2 1516"]
[Site "Slovakia"]
[Date "2016.02.07"]
[Round "7.2"]
[White "Mikus, Teodor"]
[Black "Podoba, Milan"]
[Result "1/2-1/2"]
[WhiteElo "1898"]
[BlackElo "2057"]
[PlyCount "44"]
[EventDate "2015.10.11"]
[EventType "team-tourn"]
[EventRounds "11"]
[EventCountry "SVK"]
[SourceTitle "CBM 170 Extra"]
[Source "ChessBase"]
[SourceDate "2016.02.25"]
[SourceVersion "1"]
[SourceVersionDate "2016.02.25"]
[SourceQuality "1"]
[WhiteTeam "Prievidza II"]
[BlackTeam "Povazske Podhradie"]
[WhiteTeamCountry "SVK"]
[BlackTeamCountry "SVK"]

1. e4 c5 2. Nc3 a6 3. Nf3 Nc6 4. d4 cxd4 5. Nxd4 e5 6. Nxc6 bxc6 7. Bc4 Nf6 8. a3 Bc5 9. 0-0 h6 10. Qe2 0-0 11. Be3 Qe7 12. Na4 Nxe4 13. Bxc5 Nxc5 14. Nb6 Ra7 15. b4 d5 16. Nxc8 Rxc8 17. bxc5 dxc4 18. Qxc4 Rb8 19. Rad1 Rd8 20. Rxd8+ Qxd8 21. Rb1 Rd7 22. h3 Rd5 1/2-1/2